000 00932nam a22002535i 4500
001 18717018
003 ARRUPE
005 20150907145328.0
008 150727s2015 et a b 000 0 eng
010 _a 2014321606
020 _a9789994455812
040 _aDLC
_beng
_cDLC
_erda
042 _alcode
_apcc
100 _a Pankhurst, Alula, Bourdillon Michael, Crivello, Gina
_eeds
_919401
245 0 0 _aChildren's work and labour in East Africa :
_bsocial context and implications for policy /
_cedited by Alula Pankhurst, Michael Bourdillon, Gina Crivello.
260 _aEthiopia
_bOSSREA
_c2015
300 _ax, 180 pages :
_billustrations ;
_c24 cm
504 _aIncludes bibliographical references.
650 _aChild labor
_zAfrica, East
_918941
650 _aChildren
_xsocial conditions
_zAfrica, East
_918942
906 _a0
_bibc
_corigode
_d3
_encip
_f20
_gy-gencatlg
942 _2lcc
_cMONOGRAPH
999 _c123141
_d123141